Anna Wazówna - "Królowa Botaniki Polskiej"
| Titel: | Anna Wazówna - "Królowa Botaniki Polskiej" : Mądra królewna w historii staropolskiej medycyny |
|---|---|
| Verfasser: | |
| In: |
Album amicorum, (2008), Seite 303-319 alle Artikel anzeigen |
| Veröffentlicht: | 2008 |
| Format: | Aufsatz |
| Sprache: | Polnisch |
X
alg: 39442327 001A $01999:12-11-16 001B $03025:15-10-20 $t13:54:03.000 001D $01999:12-11-16 001U $0utf8 001X $00 002@ $0Aox 003@ $0394423275 007A $0394423275 $aHEB 007T $0Herdkk00042379 010@ $apol 011@ $a2008 021A $aAnna Wazówna - "Królowa Botaniki Polskiej" $dMądra królewna w historii staropolskiej medycyny 028A $aSaar-Kozłowska $dAlicja 031A $h303-319 $j2008 039B $aIn $8--Aau--. Album amicorum. - Toruń : Wydawnictwo Naukowe Uniwersytetu Mikołaja Kopernika, 2008. - 407 S.. - Ill.. - ISBN 83-231-2205-9 $x200800000000000697 $9366207512 044K $RJohann $RKatharina $RZygmunt $#Anna$#Anna $#Anna $#Anna $#Anna $7119559331 $8$PAnna$lSchweden, Prinzessin, 1568-1625$Z1568-1625 [Tp1] $9087898829 044K $RKongresspolen $RWestgalizien $#Generalgouvernement Polen $#Polska $#Rzeczpospolita Polska $#Polska Rzeczpospolita Ludowa $#Poland $#Pologne $#République Polonaise $#Generalne Gubernatorstwo w Polsce $#Polish People's Republic $#Polska Rzeczpospolita Polen $#PRL $#RP $#Polen Generalgouvernement $#Polska Generalgouvernement $#Besetzte Polnische Gebiete $#Besetztes Gebiet in Polen $#Okupowane Polskie Obszary $#Obszary Okupowane w Polsce $#Volksrepublik Polen $#Polska Rosyjska $#Republic Polen $#Respublika Pol'ša $#Pol'skaja Narodnaja Respublika $#République de Pologne $#Polen Links der Weichsel $#Polska po Lewej Stronie Wisły $#Lenkija $#Polija $#Gubernija Carstva Pol'skago $#Republik Polen $74046496-9 $8Polen [Tg1] $9085129801 044K $#Medicine $#Médecine $#Humanmedizin $#Heilkunst $#Medicine $74038243-6 $8Medizin [Ts1] $9085104442 044K $RBiologie $#Botany $#Botanique $#Botánica $#botany $#Pflanzenkunde $#Phytologie $74007842-5 $8Botanik [Ts1] $9085013129 lok: 39442327 78 exp: 39442327 78 1 #EPN 201B/01 $018-11-16 $t11:33:49.000 201U/01 $0utf8 203@/01 $0790533685 208@/01 $a12-11-16 $be 209A/01 $a/ $f000 $x00 220C/01 $aHerkunft: PBB/IH PAN 244Z/01 $2Trx $#Poola $#Lenkija $#Polija $#Polen Land $#Poland $#Lengyelország $#Poľsko $#Polsko $8--Trx--Polska$gkraj $x01 $9391345966 244Z/01 $2Trx $#Anna Wazówna $8--Trx--$PAnna Vasa$Z1568-1625 $x02 $9390813575 244Z/01 $2Trx $8--Trx--Einzelbeiträge $x03 $9391384570 247C/01 $82080>Marburg/Lahn, Herder-Institut, Forschungsbibliothek, Bibliographieportal $9336309341
| LEADER | 00000caa a22000002c 4500 | ||
|---|---|---|---|
| 001 | 394423275 | ||
| 003 | DE-603 | ||
| 005 | 20201015135403.0 | ||
| 007 | tu | ||
| 008 | 161112s2008 xx |||| | u00||u|pol c | ||
| 035 | |a (DE-599)HEB394423275 | ||
| 040 | |a DE-603 |b ger |c DE-603 |d DE-603 | ||
| 041 | |a pol | ||
| 100 | 1 | |a Saar-Kozłowska, Alicja | |
| 245 | 0 | 0 | |a Anna Wazówna - "Królowa Botaniki Polskiej" |b Mądra królewna w historii staropolskiej medycyny |
| 264 | 0 | |c 2008 | |
| 600 | 0 | 7 | |a Anna |c Schweden, Prinzessin, 1568-1625 |d 1568-1625 |0 (DE-588)119559331 |0 (DE-603)087898829 |2 gnd |
| 650 | 7 | |a Medizin |0 (DE-588)4038243-6 |0 (DE-603)085104442 |2 gnd | |
| 650 | 7 | |a Botanik |0 (DE-588)4007842-5 |0 (DE-603)085013129 |2 gnd | |
| 651 | 7 | |a Polen |0 (DE-588)4046496-9 |0 (DE-603)085129801 |2 gnd | |
| 773 | 0 | 8 | |i In |t Album amicorum |d Toruń : Wydawnictwo Naukowe Uniwersytetu Mikołaja Kopernika, 2008 |h 407 S., Ill. |z 8323122059 |z 9788323122050 |g (2008), Seite 303-319 |w (DE-603)366207512 |
| 924 | 0 | |9 2080 |a (DE-603)790533685 |b DE-2080 |c HES |d d |g / | |


